| 000 | 01000nam a2200265Ia 4500 | ||
|---|---|---|---|
| 008 | 130821s1996 sp gr spa | ||
| 020 | _a8472483258 | ||
| 040 |
_aCo-BoUCM _bspa |
||
| 041 | 0 | 0 | _aspa |
| 100 | 1 |
_aAngoitia Gorostiaga, Victor _d19?-2008 _9157836 |
|
| 245 | 1 | 0 |
_aExtracción y transplante de órganos y tejidos humanos Problemática jurídica _cVictor Angoitia Gorostiaga |
| 260 |
_aMadrid (España) _bMarcial Pons, Ediciones Jurídicas y Sociales _c1996 |
||
| 300 | _a517 páginas | ||
| 490 | _aMonografías Jurídicas | ||
| 504 | _aIncluye bibliografía e índice | ||
| 650 | 0 | 4 |
_aDerecho de salud _926468 |
| 650 | 0 | 4 |
_aÉtica médica _915252 |
| 650 | 0 | 4 |
_aLegislación _97782 |
| 650 | 0 | 4 |
_aMedicina legal _919167 |
| 650 | 0 | 4 |
_aTrasplantes de órganos, tejidos, etc. _925728 |
| 650 | 0 | 4 |
_aTrasplantes de órganos, tejidos, etc. _xLegislación _9156455 |
| 651 |
_aEspaña _926943 |
||
| 942 |
_cLIBRO _a8 _e1 _mA592E _2DEWEY _h344.04194 |
||
| 999 |
_c29302 _d29302 |
||